| 000 | 00363pab a2200145 454500 | ||
|---|---|---|---|
| 008 | 180718b1983 xxu||||| |||| 00| 0 eng d | ||
| 100 | _aWillett, Thomas D. | ||
| 245 |
_aThe vicious circle debate _bSome conceptual distinctions |
||
| 260 | _c1983 | ||
| 300 | _a231-48 | ||
| 650 | _aForeign Exchange | ||
| 700 | _aMatthias Wolf | ||
| 773 | _aKyklos | ||
| 909 | _a8805 | ||
| 999 |
_c8805 _d8805 |
||